La muerte y el duelo en el contexto educativo : reflexiones, testimonios y actividades /
Trabajo acerca del tratamiento de la muerte y el duelo en el contexto escolar, en tanto aquélla es un componente inherente a la naturaleza y vida humanas, que las sociedades de inicios del siglo XXI intentan permanentemente ignorar.
Uloženo v:
| Hlavní autor: | |
|---|---|
| Další autoři: | , |
| Médium: | Kniha |
| Jazyk: | španělština |
| Vydáno: |
Barcelona, España :
Paidós,
2003, c2003
|
| Edice: | (Papeles de Pedagogía ;
59) |
| Témata: | |
| Tagy: |
Žádné tagy, Buďte první, kdo vytvoří štítek k tomuto záznamu!
|
MARC
| LEADER | 00000nam^a2200000^a^4500 | ||
|---|---|---|---|
| 001 | 000154117 | ||
| 005 | 20250521000000.0 | ||
| 009 | 20260310100343.805 | ||
| 020 | |a 84-493-1401-1 | ||
| 037 | |a Acervo ITESO - Biblioteca | ||
| 041 | |a ESP | ||
| 082 | |a 370. 11 |b POC | ||
| 100 | |a Poch, Concepció |e (autor) | ||
| 245 | 1 | 3 | |a La muerte y el duelo en el contexto educativo : |b reflexiones, testimonios y actividades / |c C. Poch, O. Herrero ; pról. de J.C. Mèlich. |
| 264 | 4 | |a Barcelona, España : |b Paidós, |c 2003, c2003 | |
| 300 | |a 207 p. | ||
| 336 | |a texto |b txt |2 rdacontenido | ||
| 337 | |a sin mediación |b n |2 rdamedio | ||
| 338 | |a volumen |b nc |2 rdasoporte | ||
| 440 | 1 | |a (Papeles de Pedagogía ; |v 59) | |
| 520 | |a Trabajo acerca del tratamiento de la muerte y el duelo en el contexto escolar, en tanto aquélla es un componente inherente a la naturaleza y vida humanas, que las sociedades de inicios del siglo XXI intentan permanentemente ignorar. | ||
| 649 | |a XX | ||
| 650 | |a Duelo - |x Tema Principal | ||
| 650 | |a Muerte | ||
| 650 | |a Vida | ||
| 650 | |a Didáctica | ||
| 650 | |a Metodología Educativa | ||
| 650 | |a Proceso Educativo | ||
| 650 | |a Psicología Educativa | ||
| 650 | |a Finalidades de la Educación | ||
| 650 | |a Educación | ||
| 700 | |a Herrero, Olga |e (autor) | ||
| 700 | |a Mèlich, Joan-Carles |e (prólogo) | ||
| 910 | |a Fondo General | ||
| 920 | |a Impresos - Libros | ||
| 930 | |a Colección General | ||
| 905 | |a 101 | ||
| 901 | |a 0500086599 |b IT1 |c ACC |u 20250521 | ||
| 902 | |a https://opac.biblio.iteso.mx/vufind/Record/000154117 | ||